000 01106nam a2200289Ia 4500
003 OSt
005 20200716155306.0
008 191128s2003 wau gr 000 0 spa d
020 _a821353489
040 _aCO-JMCR
_cCO-JMCR
041 0 _aspa
082 0 4 _a330.9861 /
_bG537c1
_223
100 1 _aGiugale, Marcelo M.,
_eeditor
_97397
245 1 0 _aColombia :
_bthe economic foundation of peace /
_ceditors Marcelo M. Giugale, Olivier Lafourcade, Connie Luff
260 _aWashington :
_bThe World Bank,
_c2003.
300 _axlviii, 994 páginas ;
_c23 cm.
504 _aIncluye bibliografía al final de cada capítulo
505 0 _aThematic notes -- Achieving fast and sustainable Growth -- Sharing the fruits of growth with all colombians -- Building a government of quality
546 _aTexto en inglés
650 1 4 _aDesarrollo sostenible
_97409
650 2 4 _a Paz
_zColombia
_97399
650 2 4 _a Violencia
_zColombia
_97400
650 2 4 _aAspectos económicos
_zColombia
_97246
700 1 _aLafourcade, Olivier,
_eeditor
_97410
700 1 _aLuff, Connie,
_eeditor
_97402
942 _2ddc
_cBK
999 _c5627
_d5627